| 000 | 01559nam a22003494a 4500 | ||
|---|---|---|---|
| 001 | ebr10067466 | ||
| 003 | CaPaEBR | ||
| 006 | m u | ||
| 007 | cr cn||||||||| | ||
| 008 | 021230s2003 maua sb 001 0 eng | ||
| 010 | _z 2002043464 | ||
| 020 | _z1402073879 (alk. paper) | ||
| 040 |
_aCaPaEBR _cCaPaEBR |
||
| 035 | _a(OCoLC)70734594 | ||
| 050 | 1 | 4 |
_aTK7872.F73 _bM84 2003eb |
| 082 | 0 | 4 |
_a621.3815/486 _221 |
| 100 | 1 | _aMuer, Bram de. | |
| 245 | 1 | 0 |
_aCMOS fractional-N synthesizers _h[electronic resource] : _bdesign for high spectral purity and monolithic integration / _cby Bram De Muer, Michiel Steyaert. |
| 260 |
_aBoston : _bKluwer Academic Publishers, _c2003. |
||
| 300 |
_axvii, 243 p. : _bill. |
||
| 490 | 1 |
_aThe Kluwer international series in engineering and computer science ; _v724 |
|
| 504 | _aIncludes bibliographical references (p. [243]-256] and index. | ||
| 533 |
_aElectronic reproduction. _bPalo Alto, Calif. : _cebrary, _d2013. _nAvailable via World Wide Web. _nAccess may be limited to ebrary affiliated libraries. |
||
| 650 | 0 | _aFrequency synthesizers. | |
| 650 | 0 | _aMetal oxide semiconductors, Complementary. | |
| 650 | 0 |
_aIntegrated circuits _xVery large scale integration. |
|
| 655 | 7 |
_aElectronic books. _2local |
|
| 700 | 1 |
_aSteyaert, Michiel, _d1959- |
|
| 710 | 2 | _aebrary, Inc. | |
| 830 | 0 |
_aKluwer international series in engineering and computer science ; _vSECS 724. |
|
| 856 | 4 | 0 |
_uhttp://site.ebrary.com/lib/rucke/Doc?id=10067466 _zAn electronic book accessible through the World Wide Web; click to view |
| 999 |
_c162861 _d162861 |
||